000 00450nam a2200169 i 4500
001 bg
100 1 _aBLITZ, Jack
245 0 _aElectrical, magnetic and visual methods of testing materials /
_cJack Blitz, William King, Donald Rogers.
260 _aLondon,
_c1969.
700 1 _aKING, William G.
700 1 _aROGERS, Donald G
040 _cBPK
041 _apol
080 _a620.1
942 _cKS
008 s pl f |000 0 pol
999 _c14041
_d14041
856 _uhttp://koha.tu.koszalin.pl/cgi-bin/koha/opac-detail.pl?biblionumber=14041
_yKatalog online BPK